000 00722nam a22002177a 4500
003 OSt
005 20150223160218.0
008 150223b xxu||||| |||| 00| 0 eng d
020 _a84-206-1468-8
040 _cBMC
082 _a823
100 1 _aGolding, William
_931983
_d1911-1993
245 1 3 _aEl dios escorpión
_b: tres novelas cortas
_cWilliam Golding ; traductora, Ernestina de Champourcin
260 _aMadrid
_bAlianza
_c[1973]
300 _a189 p.
_c18 cm
490 _aEl libro de bolsillo. Sección literatura
595 _aTraducción de: The Scorpion God, Three Short Novels
650 2 4 _911162
_aNovela inglesa
700 1 _912594
_aChampourcín, Ernestina de
_d1905-1999
942 _2ddc
_cBK
_hahoj
999 _c18877
_d18877